El género amaranthus /

Gespeichert in:
Bibliographische Detailangaben
1. Verfasser: Ornelas Uribe, Ricardo (autor)
Format: Buch
Sprache:Spanisch
Veröffentlicht: Guadalajara, México : Universidad de Guadalajara, Instituto de Botánica, 1983, c1983
Schriftenreihe:(Cuadernos de Divulgación ; 23)
Schlagworte:
Tags: Tag hinzufügen
Keine Tags, Fügen Sie das erste Tag hinzu!

MARC

LEADER 00000nam^a2200000^a^4500
001 000171387
005 20250521000000.0
009 20260310101341.689
020 |a 968-57-0096-6 
037 |a Acervo ITESO - Biblioteca 
041 |a ESP 
082 |a 583. 913097235  |b ORN 
100 |a Ornelas Uribe, Ricardo  |e (autor) 
245 1 3 |a El género amaranthus /  |c R. Ornelas Uribe ; presen. de Luz María Villarreal de Puga. 
264 4 |a Guadalajara, México :  |b Universidad de Guadalajara, Instituto de Botánica,  |c 1983, c1983 
300 |a 25 p. 
336 |a texto  |b txt  |2 rdacontenido 
337 |a sin mediación  |b n  |2 rdamedio 
338 |a volumen  |b nc  |2 rdasoporte 
440 1 |a (Cuadernos de Divulgación ;  |v 23) 
649 |a XX 
650 |a Amaranto -  |z Jalisco 
650 |a Amaranto -  |z México 
650 |a Cereales -  |z Jalisco 
650 |a Cereales -  |z México 
650 |a Plantas Comestibles -  |z Jalisco 
650 |a Plantas Comestibles -  |z México 
650 |a Plantas -  |x Cultivo 
650 |a Botánica -  |z Jalisco 
650 |a Botánica -  |z México 
650 |a Biología 
910 |a Fondo General 
920 |a Impresos - Libros 
930 |a Colección General 
905 |a 101 
901 |a 0500108648  |b IT1  |c ACC  |u 20250521 
902 |a https://opac.biblio.iteso.mx/vufind/Record/000171387